Welcome to WEB OPAC of MRSPTU Central Library

Aulton Pharmaceutical : The Design and Manufacture of Medicines (Record no. 7246)

MARC details
000 -LEADER
fixed length control field 00485nam a2200181Ia 4500
008 - FIXED-LENGTH DATA ELEMENTS--GENERAL INFORMATION
fixed length control field 230711s9999||||xx |||||||||||||| ||und||
020 ## - INTERNATIONAL STANDARD BOOK NUMBER
International Standard Book Number 978-0-7020-7005-1
041 ## - LANGUAGE CODE
Language code of text/sound track or separate title ENG
082 ## - DEWEY DECIMAL CLASSIFICATION NUMBER
Classification number 615.19
Item number AU-P
100 ## - MAIN ENTRY--PERSONAL NAME
Personal name Aulton,Michael E
245 #0 - TITLE STATEMENT
Title Aulton Pharmaceutical : The Design and Manufacture of Medicines
250 ## - EDITION STATEMENT
Edition statement 5th Ed.
260 ## - PUBLICATION, DISTRIBUTION, ETC.
Date of publication, distribution, etc. 2018
Place of publication, distribution, etc. New York
Name of publisher, distributor, etc. Elsevier Science Publishers
300 ## - PHYSICAL DESCRIPTION
Extent 918p.
650 ## - SUBJECT ADDED ENTRY--TOPICAL TERM
Topical term or geographic name entry element Pharmacy
700 ## - ADDED ENTRY--PERSONAL NAME
Personal name Taylor,Kevin M.G
942 ## - ADDED ENTRY ELEMENTS (KOHA)
Koha item type Book
Holdings
Withdrawn status Lost status Damaged status Not for loan Collection Home library Current library Date acquired Source of acquisition Cost, normal purchase price Inventory number Total checkouts Full call number Barcode Date last seen Date last checked out Price effective from Koha item type
          MRSPTU Central Library MRSPTU Central Library 10/01/2043 Krishna Book Distributors 43.99 KBD/2017-2018/1020443059 3 615.19 AU-P P523 05/22/2025 04/21/2025 08/17/2023 Book
          MRSPTU Central Library MRSPTU Central Library 10/01/2043 Krishna Book Distributors 43.99 KBD/2017-2018/1020443059 3 615.19 AU-P P524 06/10/2025 04/04/2025 08/17/2023 Book
          MRSPTU Central Library MRSPTU Central Library 10/01/2043 Krishna Book Distributors 43.99 KBD/2017-2018/1020443059   615.19 AU-P P525 08/17/2023   08/17/2023 Book
          MRSPTU Central Library MRSPTU Central Library 10/01/2043 Krishna Book Distributors 43.99 KBD/2017-2018/1020443059 2 615.19 AU-P P526 03/26/2025 03/04/2025 08/17/2023 Book
          MRSPTU Central Library MRSPTU Central Library 10/01/2043 Krishna Book Distributors 43.99 KBD/2017-2018/1020443059 1 615.19 AU-P P527 03/17/2025 02/05/2025 08/17/2023 Book

Website Designed and Developed by MRSPTU Central Library Team

E-mail Id: librarian@mrsptu.ac.in